Culture Générale - Série 2221 - Statistiques

Statistiques générales
  • Ce quiz a été pris 102 fois
  • Le résultat moyen est 5 sur 10
Statistiques - réponses
Question Réponse % Correct
Quel site souterrain parisien accueille 300 000 visiteurs par an ? Catacombes
77%
Dans quel état des Etats Unis se trouve le parc national des Everglades ? Floride
71%
Quelle est la seule ville à avoir accueilli 3 fois les Jeux olympiques d’été ? Londres
63%
Dans le film The Bodyguard (1992), quelle chanteuse interprète le personnage de Rachel aux côtés de Kevin Costner ? prénom et nom - voir photo Whitney Houston
62%
Qui a écrit "Oliver Twist" et "David Copperfield "? prénom et nom Charles Dickens
52%
Quel pays est considéré comme "la patrie du golf" (570 terrains de golf) ? Ecosse
45%
Comment appelle-t-on le bateau à voiles utilisé en Egypte pour des croisières sur le Nil ? felouque
35%
Quel groupe féminin a enregistré la chanson "cruel summer" en 1983 ? Bananarama
30%
Dans quel pays peut-on visiter le Parc national des lacs Plitvice ? Croatie
29%
Comment appelle-t-on la savane de 60 000 km² située à cheval sur la Tanzanie et le Kenya, et qui est le théâtre de la migration annuelle de milliers d’animaux ? Serengeti
10%
Aucun quiz correspondant
Distribution des résultats
% des personnes avec chaque résultat
Percentile par nombre de réponses
Votre historique - résultats
Vous n’avez pas pris ce quiz